[Event "FRA-ch U20 Girls"]
[Site "Montbeliard"]
[Date "2014.04.25"]
[Round "7"]
[White "Sonet, Laury"]
[Black "Colin, Phanie"]
[Result "0-1"]
[WhiteElo "1280"]
[BlackElo "1745"]
[PlyCount "64"]
[EventDate "2014.04.20"]
[EventType "swiss"]
[EventRounds "9"]
[EventCountry "FRA"]
[SourceTitle "CBM 160 Extra"]
[Source "ChessBase"]
[SourceDate "2014.07.01"]
[SourceVersion "1"]
[SourceVersionDate "2014.07.01"]
[SourceQuality "1"]

1. d4 Nf6 2. c4 c5 3. Nf3 cxd4 4. Nxd4 e5 5. Nc2 d5 6. e3 Bc5 7. cxd5 0-0 8. Nc3 Bf5 9. Bc4 Qe7 10. 0-0 e4 11. a3 Nbd7 12. b4 Bd6 13. Nd4 Qe5 14. f4 exf3 15. g3 Bh3 16. Rxf3 Bg4 17. Be2 Bxf3 18. Bxf3 Rac8 19. Nce2 Nxd5 20. Bxd5 Qxd5 21. Bd2 Qe4 22. Nb5 Bb8 23. Nbc3 Qg4 24. Be1 Ne5 25. Kg2 Qf3+ 26. Kg1 Qxe3+ 27. Bf2 Qh6 28. Rc1 Ng4 29. Kf1 Nxf2 30. Kxf2 Qxh2+ 31. Kf1 Bxg3 32. Nxg3 Qxg3 0-1

[Event "FRA-ch U20 Girls"]
[Site "Montbeliard"]
[Date "2014.04.22"]
[Round "4"]
[White "Gennesseaux, Gabrielle"]
[Black "Colin, Phanie"]
[Result "0-1"]
[WhiteElo "1799"]
[BlackElo "1745"]
[PlyCount "52"]
[EventDate "2014.04.20"]
[EventType "swiss"]
[EventRounds "9"]
[EventCountry "FRA"]
[SourceTitle "CBM 160 Extra"]
[Source "ChessBase"]
[SourceDate "2014.07.01"]
[SourceVersion "1"]
[SourceVersionDate "2014.07.01"]
[SourceQuality "1"]

1. e4 c5 2. Nf3 d6 3. Bb5+ Bd7 4. Bxd7+ Qxd7 5. 0-0 Nc6 6. Qe2 Nf6 7. Rd1 e6 8. d4 cxd4 9. Nxd4 Be7 10. c4 0-0 11. Nc3 a6 12. Be3 Qc7 13. Rac1 Qa5 14. Nxc6 bxc6 15. b3 Rfd8 16. f3 d5 17. Na4 dxe4 18. Rf1 Qh5 19. Qc2 exf3 20. Rxf3 Ng4 21. Bf4 Bd6 22. Bxd6 Rxd6 23. Rh3 Qg6 24. Qe2 Nf6 25. Nc5 Qg4 26. Qe3 Rd1+ 0-1

[Event "FRA-ch U20 Girls"]
[Site "Montbeliard"]
[Date "2014.04.21"]
[Round "3"]
[White "Colin, Phanie"]
[Black "Haddad, Samia"]
[Result "0-1"]
[WhiteElo "1745"]
[BlackElo "1637"]
[PlyCount "109"]
[EventDate "2014.04.20"]
[EventType "swiss"]
[EventRounds "9"]
[EventCountry "FRA"]
[SourceTitle "CBM 160 Extra"]
[Source "ChessBase"]
[SourceDate "2014.07.01"]
[SourceVersion "1"]
[SourceVersionDate "2014.07.01"]
[SourceQuality "1"]

1. e4 e6 2. d3 d5 3. Qe2 d4 4. g3 c5 5. Bg2 Qb6 6. Nf3 Nc6 7. 0-0 a5 8. Re1 Be7 9. Nbd2 h5 10. h4 Bd7 11. e5 Qc7 12. a3 Nh6 13. Nf1 Ng4 14. N1h2 Nxh2 15. Kxh2 Qb6 16. Rb1 a4 17. Bf4 Ra5 18. c4 dxc3 19. bxc3 Rb5 20. Qc2 Rxb1 21. Rxb1 Qa7 22. Nd2 b5 23. Kg1 Na5 24. Ne4 0-0 25. Qe2 g6 26. Nf6+ Kg7 27. Qe3 Rh8 28. Bg5 Nb3 29. Nxh5+ Kf8 30. Bxe7+ Kxe7 31. Qg5+ Kf8 32. Qd8+ Be8 33. Nf6 Qe7 34. Qxe8+ Qxe8 35. Nxe8 Kxe8 36. Bc6+ Ke7 37. Bxb5 Ra8 38. Bxa4 Nd2 39. Rb7+ Kf8 40. Bc6 Rxa3 41. Rb2 Nb3 42. Be4 Nc1 43. Rc2 Rxc3 44. Rxc3 Ne2+ 45. Kg2 Nxc3 46. Kf3 Nb5 47. Ke3 Nd4 48. Kd2 Ke8 49. Kc3 Kd7 50. Kc4 Nc6 51. Bxc6+ Kxc6 52. g4 Kd7 53. Kxc5 Ke7 54. h5 Kf8 55. Kd6 0-1

[Event "Lallemand Memorial"]
[Site "Chalons en Champagne"]
[Date "2011.05.21"]
[Round "1"]
[White "Colin, Phanie"]
[Black "Guichard, Pauline"]
[Result "0-1"]
[WhiteElo "1624"]
[BlackElo "2303"]
[PlyCount "38"]
[EventDate "2011.05.21"]
[EventType "swiss (rapid)"]
[EventRounds "9"]
[EventCountry "FRA"]
[SourceTitle "CBM 142 Extra"]
[Source "ChessBase"]
[SourceDate "2011.06.27"]
[SourceVersion "1"]
[SourceVersionDate "2011.06.27"]
[SourceQuality "1"]

1. e4 c5 2. Nc3 e6 3. g3 d5 4. d3 Nf6 5. Bg2 Be7 6. Nge2 d4 7. Nb1 Nc6 8. 0-0 0-0 9. f4 b5 10. c3 Qb6 11. Kh1 a5 12. a3 Bb7 13. Nd2 Rfd8 14. Nf3 dxc3 15. Nxc3 c4 16. Ne5 cxd3 17. Nxd3 b4 18. Na4 Qb5 19. Rf3 Nxe4 0-1

[Event "FRA-ch U18 Girls"]
[Site "Montlucon"]
[Date "2011.04.24"]
[Round "9"]
[White "Briatte, Coline"]
[Black "Colin, Phanie"]
[Result "1/2-1/2"]
[WhiteElo "1570"]
[BlackElo "1647"]
[PlyCount "74"]
[EventDate "2011.04.17"]
[EventType "swiss"]
[EventRounds "9"]
[EventCountry "FRA"]
[SourceTitle "CBM 142 Extra"]
[Source "ChessBase"]
[SourceDate "2011.06.27"]
[SourceVersion "1"]
[SourceVersionDate "2011.06.27"]
[SourceQuality "1"]

1. d4 Nf6 2. Nc3 g6 3. e4 d5 4. e5 Ng4 5. Be2 Nh6 6. Be3 Bg7 7. Qd2 Nf5 8. 0-0-0 e6 9. g4 Nxe3 10. Qxe3 Nd7 11. Kb1 c5 12. Bb5 cxd4 13. Bxd7+ Bxd7 14. Qxd4 Qc7 15. f4 a6 16. Nf3 Rc8 17. h4 h5 18. Rhg1 Qc4 19. g5 b5 20. Qxc4 Rxc4 21. Rd4 0-0 22. Rgd1 Rfc8 23. Rxc4 Rxc4 24. Rd4 Bf8 25. Rxc4 bxc4 26. Nd4 Bc5 27. Nce2 Kf8 28. c3 Ke8 29. Kc1 Kd8 30. Kd2 Kc7 31. Ke3 Ba4 32. Kd2 Kb6 33. Kc1 a5 34. Kd2 Bb5 35. Ke3 Be8 36. Kd2 a4 37. a3 Bd7 1/2-1/2

[Event "FRA-ch U16 Girls"]
[Site "Aix les Bains"]
[Date "2009.04.19"]
[Round "1"]
[White "Brajon, Victoria"]
[Black "Colin, Phanie"]
[Result "0-1"]
[WhiteElo "1490"]
[BlackElo "1800"]
[PlyCount "80"]
[EventDate "2009.04.19"]
[EventType "swiss"]
[EventRounds "9"]
[EventCountry "FRA"]
[SourceTitle "CBM 130 Extra"]
[Source "ChessBase"]
[SourceDate "2009.07.02"]
[SourceVersion "2"]
[SourceVersionDate "2009.07.15"]
[SourceQuality "1"]

1. e4 c5 2. Nf3 d6 3. Nc3 Nf6 4. d4 cxd4 5. Nxd4 g6 6. Bc4 Bg7 7. 0-0 0-0 8. f3 Nc6 9. Nde2 Bd7 10. a3 Rc8 11. Be3 Ne5 12. Ba2 a6 13. Qd2 Nc4 14. Bxc4 Rxc4 15. Bh6 b5 16. Bxg7 Kxg7 17. b3 Rc5 18. Qd4 Kg8 19. h3 Qc7 20. Rad1 Rc8 21. Rd3 a5 22. Rfd1 Qb7 23. b4 Rc4 24. Qe3 axb4 25. axb4 Rxb4 26. e5 dxe5 27. Qxe5 Qb6+ 28. Kf1 Qe6 29. f4 Rbc4 30. Nd5 Nxd5 31. Rxd5 Qxe5 32. fxe5 Bc6 33. Rd8+ Rxd8 34. Rxd8+ Kg7 35. Nd4 Be4 36. Nxb5 Rxc2 37. Nd4 Bxg2+ 38. Kg1 Ra2 39. Rd7 Bxh3 40. Rxe7 Rd2 0-1

[Event "FRA-ch U16"]
[Site "Le Grand Bornand"]
[Date "2007.04.08"]
[Round "1"]
[White "Colin, Phanie"]
[Black "Robert, Bastien"]
[Result "0-1"]
[WhiteElo "1510"]
[BlackElo "1988"]
[PlyCount "58"]
[EventDate "2007.04.07"]
[EventType "swiss"]
[EventRounds "9"]
[EventCountry "FRA"]
[SourceTitle "CBM 118 Extra"]
[Source "ChessBase"]
[SourceDate "2007.07.04"]
[SourceVersion "1"]
[SourceVersionDate "2007.07.04"]
[SourceQuality "1"]

1. c4 e5 2. Nc3 Nc6 3. g3 g6 4. d3 d6 5. Bg2 Bd7 6. Nf3 Qc8 7. 0-0 Bh3 8. Rb1 Bxg2 9. Kxg2 Bg7 10. b4 Nge7 11. Bd2 f5 12. b5 Nb8 13. e4 0-0 14. Ne1 f4 15. Nf3 h6 16. a4 Nd7 17. Ne2 g5 18. Ne1 Nc5 19. Nc1 g4 20. f3 h5 21. fxg4 hxg4 22. gxf4 exf4 23. Rxf4 Rxf4 24. Bxf4 Ng6 25. Bg3 Qe6 26. Nb3 Nxe4 27. dxe4 Qxe4+ 28. Nf3 gxf3+ 29. Qxf3 Qxb1 0-1